wiiw Forecast Reports (Record no. 7460)

MARC details
000 -LEADER
fixed length control field nas a22 7u 4500
001 - CONTROL NUMBER
control field WIIW0000046
003 - CONTROL NUMBER IDENTIFIER
control field OSt
005 - DATE AND TIME OF LATEST TRANSACTION
control field 20170929114238.0
006 - FIXED-LENGTH DATA ELEMENTS--ADDITIONAL MATERIAL CHARACTERISTICS
fixed length control field afr|m|r|||| 00| 0
008 - FIXED-LENGTH DATA ELEMENTS--GENERAL INFORMATION
fixed length control field 170908c20139999a fr|m| ||||||0| | eng|d
040 ## - CATALOGING SOURCE
Transcribing agency OSt
041 ## - LANGUAGE CODE
Language code of text/sound track or separate title eng
110 2# - MAIN ENTRY--CORPORATE NAME
Corporate name or jurisdiction name as entry element Wiener Institut für Internationale Wirtschaftsvergleiche (wiiw)
9 (RLIN) 3
245 ## - TITLE STATEMENT
Title wiiw Forecast Reports
260 ## - PUBLICATION, DISTRIBUTION, ETC.
Place of publication, distribution, etc. Wien :
Name of publisher, distributor, etc. Wiener Institut für Internationale Wirtschaftsvergleiche (wiiw),
Date of publication, distribution, etc. 2014-
362 ## - DATES OF PUBLICATION AND/OR SEQUENTIAL DESIGNATION
Dates of publication and/or sequential designation 2014-
363 01 - NORMALIZED DATE AND SEQUENTIAL DESIGNATION
First level of enumeration Spring
First level of chronology 2014
780 00 - PRECEDING ENTRY
Record control number WIIW0000045
Title wiiw Current Analyses and Forecasts
856 4# - ELECTRONIC LOCATION AND ACCESS
Uniform Resource Identifier <a href="https://wiiw.ac.at/wiiw-forecast-reports-ps-50.html">https://wiiw.ac.at/wiiw-forecast-reports-ps-50.html</a>
942 ## - ADDED ENTRY ELEMENTS (KOHA)
Koha item type Periodical

No items available.

The Vienna Instiute for International Economic Studies (wiiw)